|
|
|
|
| LEADER |
01032nam a2200313 a 4500 |
| 001 |
000994393 |
| 003 |
CZ BrMZK |
| 005 |
20120511140339.0 |
| 007 |
ta |
| 008 |
010825s1997 xxka 001 0 eng |
| 020 |
|
|
|a 0140816240
|q (brož.)
|
| 040 |
|
|
|a BOA001
|b cze
|
| 080 |
9 |
|
|a 339
|
| 080 |
9 |
|
|a 811.111
|
| 100 |
1 |
|
|a Pohl, Alison
|7 xx0012404
|4 aut
|
| 245 |
1 |
0 |
|a Test your business English :
|b accounting /
|c Alison Pohl
|
| 246 |
3 |
0 |
|a Accounting
|
| 260 |
|
|
|a London :
|b Penguin Books,
|c 1997
|
| 300 |
|
|
|a 86 s. :
|b il.
|
| 490 |
1 |
|
|a Business English - Intermediate
|
| 500 |
|
|
|a Obsahuje rejstřík
|
| 653 |
|
|
|a obchodní angličtina pro středně pokročilé
|
| 653 |
|
|
|a účetnictví (angličtina)
|
| 655 |
|
7 |
|a testy
|7 fd133697
|2 czenas
|
| 830 |
|
0 |
|a Business English - Intermediate
|
| 910 |
|
|
|a BOA001
|b AK-0005.324
|
| 990 |
|
|
|a BK
|
| 991 |
|
|
|b 200911
|y British Council Brno - Czech Republic
|z 000042961
|x 99
|
| 996 |
7 |
|
|b 261E000591
|c AK-0005.324
|l Anglická knihovna/2.patro
|r ZHR
|n 42
|h ES-pro
|w 000994393
|u 000010
|a 0
|e BOA001
|j MZK50
|s A
|